[Event "Saint Louis Invitational-B 2018"]
[Site "Saint Louis"]
[Date "2018.11.21"]
[Round "9"]
[White "Yip, Carissa"]
[Black "Dordzhieva, Dinara"]
[Result "1-0"]
[WhiteElo "2318"]
[BlackElo "2340"]
[Annotator "TA"]
[PlyCount "81"]
[EventDate "2018.11.16"]
[EventType "tourn"]
[EventCountry "USA"]
[SourceTitle "playchess.com"]
[Source "ChessBase"]
[SourceQuality "1"]

{[%evp 29,81,26,51,0,33,0,98,61,45,0,22,-10,0,-93,62,0,125,116,135,140,122,62,75,0,177,168,176,144,173,172,216,214,207,243,261,254,230,229,718,747,742,733,1126,970,1437,1267,2010,5489,1898,900,862,862,833,813]} 1. e4 c5 2. Nf3 d6 3. d4 cxd4 4. Nxd4 Nf6 5. Nc3 e6 6. Be3 a6 7. g4 h6 8. f3 b5 9. Qd2 Nbd7 10. a3 Bb7 11. O-O-O Rc8 {B80: Sicilian Scheveningen: 6 g3 and 6 Be3, including English Attack} 12. Rg1 (12. Kb1 d5 13. exd5 Nxd5 14. Nxd5 Bxd5 15. Be2 Bc5 16. Rhg1 O-O 17. h4 Ne5 18. f4 Nc4 19. Bxc4 bxc4 {0-1 (45) Ponomariov,R (2712)-Wojtaszek,R (2730) Khanty-Mansiysk 2017}) 12... Nb6 13. h4 Nfd7 14. g5 hxg5 15. hxg5 g6 $1 {LiveBook: 3 Games} 16. Nb3 (16. Kb1 $14) 16... Ba8 $146 ({Predecessor:} 16... Qc7 17. Kb1 d5 18. exd5 Nxd5 19. Nxd5 Bxd5 {½-½ (30) Khlopov,S (1678)-Elias,H (1760) LSS email 2010}) 17. Bd4 Rg8 (17... e5 $11 18. Be3 Nc4 19. Bxc4 bxc4) 18. Qh2 e5 19. Bf2 Be7 20. Qh7 Rf8 $1 21. Be3 (21. Rd3 $11) 21... Qc7 $2 (21... Rxc3 $1 $17 22. bxc3 Nc4 23. Bxc4 bxc4) 22. Rg2 (22. Qh2 $14) 22... Nc4 (22... Qd8 $11 {keeps the balance.}) 23. Bxc4 $1 $16 Qxc4 24. Kb1 Rb8 25. Ba7 (25. Nd5 $16) 25... Rc8 $14 26. Be3 ({White should play} 26. Bg1 $16) 26... Qc7 $2 (26... Rb8 $1 $11) 27. f4 $18 a5 28. f5 $36 {[%mdl 2048] Black is under strong pressure.} (28. Nxb5 Qb8 $14) 28... gxf5 29. Qxf5 {Hoping for g6.} a4 30. Nc1 b4 31. axb4 a3 32. N1a2 axb2 {[#]} 33. g6 $1 {Bh6 is the strong threat.} ({Don't play} 33. Kxb2 $6 Rb8 $16) 33... fxg6 $2 (33... Qc4 34. g7 (34. Kxb2 Rb8 $16) 34... Rg8) 34. Qxg6+ {White is clearly winning.} Kd8 35. Nb5 Qc6 36. Nxd6 Bxd6 37. Rxd6 {Threatens to win with Bb6+.} Qxe4 {[#]} 38. Bb6+ (38. Qe6 $142 $1 {[%mdl 512]} Qh7 39. Bb6+ Rc7 40. Rgd2) 38... Rc7 39. Qxe4 (39. Qg7 $142 Kc8 40. Bxc7) 39... Bxe4 40. Rgd2 Rf7 41. Nc3 {Accuracy: White = 40%, Black = 37%.} 1-0